[Event "26th Klatovy B 2018"]
[Site "Klatovy CZE"]
[Date "2018.06.30"]
[Round "1.30"]
[White "Novotny, David"]
[Black "Day, Tobias"]
[Result "1-0"]
[WhiteElo "1715"]
[BlackElo "1287"]
[PlyCount "61"]
[EventDate "2018.06.30"]
[EventType "swiss"]
[EventRounds "9"]
[EventCountry "CZE"]

1. d4 f5 2. c4 Nf6 3. Nc3 g6 4. g3 Bg7 5. Bg2 d6 6. Nf3 O-O 7. O-O c6 8. Bg5 Qe8 9. Qd2 Nbd7 10. d5 Nc5 11. Bxf6 Bxf6 12. dxc6 bxc6 13. Nd4 Bd7 14. b4 Ne6 15. Nxe6 Bxe6 16. b5 Bd7 17. Rab1 Rb8 18. bxc6 Rxb1 19. Rxb1 Bxc6 20. Nd5 Bg7 21. Nxe7+ Qxe7 22. Bxc6 a5 23. e3 Qd8 24. Rb5 a4 25. Ra5 Qb6 26. Qd5+ Kh8 27. Rxa4 Be5 28. Ra3 Qb2 29. Ra7 Qb8 30. Rb7 Qd8 31. a4 1-0

[Event "26th Klatovy B 2018"]
[Site "Klatovy CZE"]
[Date "2018.06.30"]
[Round "1.32"]
[White "Zak, Jiri1"]
[Black "Skopkova, Marcela"]
[Result "1-0"]
[WhiteElo "1702"]
[BlackElo "1245"]
[PlyCount "51"]
[EventDate "2018.06.30"]
[EventType "swiss"]
[EventRounds "9"]
[EventCountry "CZE"]

1. Nf3 d6 2. d4 Nf6 3. g3 c6 4. Bg2 Be6 5. O-O g6 6. b3 Bg7 7. Bb2 O-O 8. Nbd2 Nbd7 9. Ng5 Bd5 10. e4 Be6 11. h3 h6 12. Nxe6 fxe6 13. Re1 d5 14. e5 Nh7 15. Qg4 Rf5 16. Qxg6 Ndf8 17. Qg4 Qe8 18. h4 Qf7 19. Re2 h5 20. Qh3 Qg6 21. Nf1 Bh6 22. Ba3 Re8 23. Rd1 b5 24. Rd3 Qg4 25. Qxg4+ hxg4 26. Nh2 1-0

[Event "26th Klatovy B 2018"]
[Site "Klatovy CZE"]
[Date "2018.06.30"]
[Round "1.33"]
[White "Studenovsky, Jaroslav"]
[Black "Hosnedl, Matyas"]
[Result "0-1"]
[WhiteElo "1233"]
[BlackElo "1697"]
[PlyCount "40"]
[EventDate "2018.06.30"]
[EventType "swiss"]
[EventRounds "9"]
[EventCountry "CZE"]

1. c4 Nf6 2. Nc3 d5 3. cxd5 Nxd5 4. g3 g6 5. Bg2 Nxc3 6. bxc3 Bg7 7. Nf3 O-O 8. O-O c5 9. Rb1 Nc6 10. Ba3 Qa5 11. Qb3 Rb8 12. Bc1 Be6 13. c4 b5 14. Qa3 Bxc4 15. Qxc5 Bxa2 16. Qxc6 Bxb1 17. Qc5 Ba2 18. Ba3 Rfc8 19. Qb4 Qxb4 20. Bxb4 Rc4 0-1

[Event "26th Klatovy B 2018"]
[Site "Klatovy CZE"]
[Date "2018.06.30"]
[Round "1.34"]
[White "Gerigk, Daniel"]
[Black "Vojir, Vaclav 2005"]
[Result "1-0"]
[WhiteElo "1690"]
[BlackElo "1225"]
[PlyCount "45"]
[EventDate "2018.06.30"]
[EventType "swiss"]
[EventRounds "9"]
[EventCountry "CZE"]

1. e4 e6 2. d4 d5 3. Nc3 c5 4. Nf3 Nc6 5. Be3 Nf6 6. exd5 Nxd5 7. Nxd5 exd5 8. dxc5 Qa5+ 9. c3 Be6 10. Be2 Bxc5 11. b4 Nxb4 12. Bxc5 Qxc5 13. Qa4+ Nc6 14. Rc1 O-O 15. O-O Qa5 16. Qc2 Rfd8 17. Ng5 g6 18. h4 d4 19. Nxe6 fxe6 20. Bc4 Re8 21. Qb3 dxc3 22. Bxe6+ Kg7 23. Qxb7+ 1-0

[Event "26th Klatovy B 2018"]
[Site "Klatovy CZE"]
[Date "2018.06.30"]
[Round "1.35"]
[White "Skalicky, Jindrich"]
[Black "Cipera, Josef"]
[Result "0-1"]
[WhiteElo "1225"]
[BlackElo "1688"]
[PlyCount "90"]
[EventDate "2018.06.30"]
[EventType "swiss"]
[EventRounds "9"]
[EventCountry "CZE"]

1. d4 Nf6 2. c4 g6 3. Nc3 Bg7 4. e4 d6 5. Be2 O-O 6. Bg5 Nbd7 7. Nf3 c5 8. O-O b6 9. Re1 cxd4 10. Qxd4 Bb7 11. Bxf6 Bxf6 12. Qe3 Bxc3 13. bxc3 Qc7 14. Bd3 Ne5 15. Nxe5 dxe5 16. Qe2 Ba6 17. Rad1 Rfc8 18. c5 Bxd3 19. Rxd3 Qxc5 20. Qd2 Rc7 21. Rh3 f6 22. Ree3 Qb5 23. g3 Rd7 24. Qe2 Qxe2 25. Rxe2 Rd3 26. Rc2 Rc8 27. Kg2 Rcxc3 28. Rxc3 Rxc3 29. g4 Rxh3 30. Kxh3 Kf7 31. Kg3 Ke6 32. Kf3 Kd6 33. Ke3 e6 34. Kd3 Kc5 35. Kc3 b5 36. a3 a5 37. h3 h6 38. f3 b4+ 39. axb4+ axb4+ 40. Kb3 Kd4 41. Kxb4 Ke3 42. Kc3 Kxf3 43. Kd3 Kf4 44. Ke2 Kxe4 45. h4 Kf4 0-1

[Event "26th Klatovy B 2018"]
[Site "Klatovy CZE"]
[Date "2018.06.30"]
[Round "1.36"]
[White "Kovar, Vaclav 1953"]
[Black "Martinek, Lukas"]
[Result "0-1"]
[WhiteElo "1688"]
[BlackElo "1215"]
[PlyCount "98"]
[EventDate "2018.06.30"]
[EventType "swiss"]
[EventRounds "9"]
[EventCountry "CZE"]

1. d4 Nf6 2. c4 g6 3. Nc3 Bg7 4. Nf3 d6 5. Bg5 h6 6. Bf4 O-O 7. e4 Nbd7 8. Bd3 Re8 9. Qd2 Kh7 10. O-O e5 11. Bg3 Nh5 12. Ne2 Ndf6 13. Bh4 g5 14. dxe5 dxe5 15. Bg3 Kg8 16. Rad1 Nf4 17. Bxf4 gxf4 18. Qc3 Qe7 19. h3 Bd7 20. b4 Bc6 21. Nd2 b6 22. Qb3 Red8 23. f3 Qd7 24. Bc2 Qe7 25. Nc3 Bd7 26. Nd5 Nxd5 27. cxd5 Qg5 28. Kh1 Qh4 29. Rfe1 Kh8 30. Nf1 Bf6 31. Re2 Rg8 32. Rdd2 Rg7 33. Nh2 Rag8 34. Rd1 h5 35. Qc3 Rg3 36. Qe1 Qg5 37. Qg1 Bxh3 38. Rdd2 Be7 39. a3 c5 40. Rf2 cxb4 41. Nf1 Qh4 42. Qh2 Bxg2+ 43. Rxg2 Rh3 44. Rxg8+ Kxg8 45. d6 Bd8 46. Rg2+ Kf8 47. Kg1 Rxh2 48. Rxh2 Qg5+ 49. Rg2 Qf6 0-1

[Event "26th Klatovy B 2018"]
[Site "Klatovy CZE"]
[Date "2018.06.30"]
[Round "1.37"]
[White "Devera, Filip"]
[Black "Sova, Zdenek"]
[Result "0-1"]
[WhiteElo "1209"]
[BlackElo "1682"]
[PlyCount "74"]
[EventDate "2018.06.30"]
[EventType "swiss"]
[EventRounds "9"]
[EventCountry "CZE"]

1. e4 c5 2. Nc3 e6 3. g3 b6 4. Bg2 Bb7 5. f4 Nf6 6. d3 d6 7. Nf3 g6 8. O-O Bg7 9. Be3 O-O 10. h3 Nc6 11. g4 Qd7 12. Nh4 Rac8 13. f5 Ne5 14. fxg6 fxg6 15. Nf3 Nxf3+ 16. Rxf3 Rf7 17. Qd2 Rcf8 18. Raf1 a6 19. Qf2 Ne8 20. h4 Rxf3 21. Bxf3 d5 22. exd5 exd5 23. Nxd5 Bxd5 24. Bxd5+ Qxd5 25. Qe2 Rxf1+ 26. Kxf1 Qh1+ 27. Bg1 Qh3+ 28. Ke1 Qxh4+ 29. Kd1 Qd8 30. Qe6+ Kf8 31. Bh2 Bxb2 32. Bf4 Bg7 33. Bg3 c4 34. Kd2 c3+ 35. Kd1 Qf6 36. Qd7 Qf1+ 37. Be1 Qf3+ 0-1

[Event "26th Klatovy B 2018"]
[Site "Klatovy CZE"]
[Date "2018.06.30"]
[Round "1.38"]
[White "Kubat, Zbynek"]
[Black "Martinkova, Magdalena"]
[Result "0-1"]
[WhiteElo "1681"]
[BlackElo "1186"]
[PlyCount "112"]
[EventDate "2018.06.30"]
[EventType "swiss"]
[EventRounds "9"]
[EventCountry "CZE"]

1. e4 e5 2. Nf3 Nc6 3. Bc4 Nf6 4. d3 Bc5 5. O-O d6 6. h3 Be6 7. Nbd2 Qd7 8. Ng5 O-O-O 9. Nxe6 fxe6 10. Nf3 h6 11. Be3 Bb6 12. a4 Bxe3 13. fxe3 Rdf8 14. Bb5 Rhg8 15. b4 g5 16. Nh2 h5 17. g4 hxg4 18. Nxg4 Nxg4 19. Qxg4 Rh8 20. Kg2 Qe8 21. c4 Rh4 22. Qg3 Rfh8 23. Rh1 Qh5 24. Rae1 Qh6 25. Bxc6 bxc6 26. Ref1 g4 27. Kf2 Rxh3 28. Rxh3 gxh3 29. Rh1 h2 30. Ke2 Qh5+ 31. Kd2 Qh4 32. Qxh4 Rxh4 33. Kc3 Rh3 34. a5 d5 35. Kd2 Kd7 36. Kc3 dxe4 37. Kd2 exd3 38. Kxd3 c5 39. b5 Kc8 40. Ke4 Rh5 41. Kf3 Kb7 42. Kg3 c6 43. bxc6+ Kxc6 44. Rxh2 Rxh2 45. Kxh2 Kb7 46. Kg3 Ka6 47. Kf3 Kxa5 48. Ke4 Kb4 49. Kxe5 a5 50. Kxe6 a4 51. e4 a3 52. e5 a2 53. Kd7 a1=Q 54. e6 Qd4+ 55. Kc6 Qxc4 56. e7 Qe6+ 0-1

[Event "26th Klatovy B 2018"]
[Site "Klatovy CZE"]
[Date "2018.06.30"]
[Round "1.39"]
[White "Barta, David"]
[Black "Krobot, Jan"]
[Result "0-1"]
[WhiteElo "1176"]
[BlackElo "1680"]
[PlyCount "94"]
[EventDate "2018.06.30"]
[EventType "swiss"]
[EventRounds "9"]
[EventCountry "CZE"]

1. e4 c5 2. Nf3 d6 3. d4 cxd4 4. Nxd4 Nf6 5. Nc3 a6 6. Be3 e6 7. Bc4 Be7 8. f3 O-O 9. Qd2 Bd7 10. O-O-O Qc7 11. Bb3 Nc6 12. h4 Ne5 13. f4 Nc4 14. Bxc4 Qxc4 15. h5 h6 16. g4 Nxg4 17. Rdg1 f5 18. Nb3 Nxe3 19. Qxe3 Bf6 20. Rg6 Be8 21. Rg2 Rc8 22. exf5 exf5 23. Rhg1 Bxh5 24. Qh3 Bg4 25. Qd3 Qxf4+ 26. Kb1 Bxc3 27. bxc3 Qe5 28. Kb2 h5 29. Nd4 Rc7 30. Nf3 Qf6 31. Nd2 Rfc8 32. Nb1 Qe5 33. Qd2 f4 34. Re1 Qb5+ 35. Kc1 f3 36. Rf2 Qd7 37. Qd5+ Qf7 38. Qxd6 Qxa2 39. Re7 Rxe7 40. Qxe7 Qf7 41. Qe3 Re8 42. Qd4 Re2 43. Nd2 Rxf2 44. Qxf2 Qf4 45. Kd1 h4 46. Nf1 Qe4 47. Qxh4 Qe2+ 0-1

[Event "26th Klatovy B 2018"]
[Site "Klatovy CZE"]
[Date "2018.06.30"]
[Round "1.40"]
[White "Skalny, Petr"]
[Black "Safarova, Magdalena"]
[Result "1-0"]
[WhiteElo "1665"]
[BlackElo "1172"]
[PlyCount "53"]
[EventDate "2018.06.30"]
[EventType "swiss"]
[EventRounds "9"]
[EventCountry "CZE"]

1. d4 d5 2. c4 Nf6 3. Nc3 dxc4 4. Nf3 Nc6 5. Bg5 Nb4 6. e3 Nfd5 7. Bxc4 Be6 8. Qb3 a5 9. a3 Nc6 10. Bxd5 Qc8 11. O-O h6 12. Bh4 g5 13. Bg3 Bg7 14. Rac1 Ra6 15. Nb5 O-O 16. Bxe6 fxe6 17. Nxc7 Rf6 18. Nxa6 bxa6 19. Ne5 Qf8 20. Rxc6 Kh7 21. Rfc1 Rf5 22. Qxe6 Rf6 23. Nd7 Qf7 24. Nxf6+ Bxf6 25. Qxf7+ Bg7 26. Be5 Kh8 27. Qxg7# 1-0

[Event "26th Klatovy B 2018"]
[Site "Klatovy CZE"]
[Date "2018.06.30"]
[Round "1.41"]
[White "Vavrinkova, Marie"]
[Black "Privoznik, Lubos"]
[Result "0-1"]
[WhiteElo "1132"]
[BlackElo "1665"]
[PlyCount "52"]
[EventDate "2018.06.30"]
[EventType "swiss"]
[EventRounds "9"]
[EventCountry "CZE"]

1. e4 e6 2. d4 d5 3. e5 c5 4. Nf3 Nc6 5. Bf4 Qb6 6. dxc5 Bxc5 7. Bg3 Qxb2 8. Nbd2 Nge7 9. Be2 O-O 10. O-O Nf5 11. Bf4 Nfd4 12. Bd3 b6 13. Nxd4 Bxd4 14. Nb3 Bxe5 15. Bc1 Qc3 16. Bd2 Qb2 17. Bc1 Bxh2+ 18. Kxh2 Qf6 19. Rb1 Ne5 20. Bb2 Qh4+ 21. Kg1 Ng4 22. Be5 Nxe5 23. Qd2 Nxd3 24. Qxd3 Bb7 25. Nd4 Rac8 26. Rfe1 Rc4 0-1

[Event "26th Klatovy B 2018"]
[Site "Klatovy CZE"]
[Date "2018.06.30"]
[Round "1.42"]
[White "Roskovec, Bedrich"]
[Black "Valdman, Jakub"]
[Result "1-0"]
[WhiteElo "1641"]
[BlackElo "1066"]
[PlyCount "61"]
[EventDate "2018.06.30"]
[EventType "swiss"]
[EventRounds "9"]
[EventCountry "CZE"]

1. e4 e5 2. Nf3 Nc6 3. Bb5 a6 4. Ba4 Nf6 5. O-O d6 6. Re1 Bg4 7. c3 Be7 8. d4 b5 9. Bc2 O-O 10. Qd3 Bxf3 11. gxf3 Qd7 12. Kh1 Qh3 13. d5 Na5 14. Rg1 g6 15. Rg3 Qh4 16. Bg5 Qh5 17. Bd1 Ng4 18. Rxg4 Bxg5 19. Nd2 Bf4 20. Rg2 Qh6 21. Nf1 Nc4 22. Qc2 f5 23. exf5 Rxf5 24. Qxf5 Rf8 25. Qc2 Kh8 26. Be2 Nd2 27. Nxd2 Bxd2 28. Rag1 Rg8 29. c4 Bf4 30. cxb5 axb5 31. Qxc7 1-0

[Event "26th Klatovy B 2018"]
[Site "Klatovy CZE"]
[Date "2018.06.30"]
[Round "1.43"]
[White "Jelinek, Frantisek"]
[Black "Vavrinkova, Jitka"]
[Result "0-1"]
[WhiteElo "1039"]
[BlackElo "1637"]
[PlyCount "69"]
[EventDate "2018.06.30"]
[EventType "swiss"]
[EventRounds "9"]
[EventCountry "CZE"]

1. d4 e6 2. Bf4 d5 3. c4 c6 4. Nc3 Nf6 5. e3 Bd6 6. Bxd6 Qxd6 7. c5 Qc7 8. Be2 O-O 9. Nf3 Nbd7 10. Qc2 e5 11. Ng5 h6 12. Nh3 e4 13. Rc1 Re8 14. Nf4 Nf8 15. O-O Ne6 16. Nxe6 Bxe6 17. f3 exf3 18. Bxf3 Bg4 19. Bxg4 Nxg4 20. Rf4 Nxe3 21. Qf2 Re6 22. Re1 Rae8 23. Nd1 Nxd1 24. Rxd1 Re2 25. Qh4 Rxb2 26. Rg4 Re6 27. Rf1 Rg6 28. Rxg6 fxg6 29. Qg4 Qe7 30. Qxg6 Rxa2 31. Qf5 Re2 32. Qc8+ Qe8 33. Qxb7 Re1 34. Qa6 Qe3+ 35. Kh1 0-1

[Event "26th Klatovy B 2018"]
[Site "Klatovy CZE"]
[Date "2018.06.30"]
[Round "1.44"]
[White "Stvan, Marek"]
[Black "Dubnicka, Augustin 2000"]
[Result "1/2-1/2"]
[WhiteElo "1637"]
[BlackElo "1659"]
[PlyCount "47"]
[EventDate "2018.06.30"]
[EventType "swiss"]
[EventRounds "9"]
[EventCountry "CZE"]

1. e4 c5 2. Nf3 Nc6 3. d4 cxd4 4. Nxd4 d6 5. c4 g6 6. Be3 Bg7 7. Nc3 Nf6 8. f3 Bd7 9. Bd3 O-O 10. Nde2 Ne5 11. O-O a6 12. a4 Rc8 13. b3 Qa5 14. Bc2 Be6 15. Nd5 Bxd5 16. exd5 Nxd5 17. cxd5 Nxf3+ 18. gxf3 Bxa1 19. Qxa1 Rxc2 20. Qd1 Rfc8 21. Rf2 Qb4 22. Nc1 Rxf2 23. Kxf2 Rc3 24. Qd2 1/2-1/2

[Event "26th Klatovy B 2018"]
[Site "Klatovy CZE"]
[Date "2018.06.30"]
[Round "1.45"]
[White "Gorej, Vojtech"]
[Black "Svec, Vitezslav"]
[Result "0-1"]
[WhiteElo "1633"]
[BlackElo "1632"]
[PlyCount "72"]
[EventDate "2018.06.30"]
[EventType "swiss"]
[EventRounds "9"]
[EventCountry "CZE"]

1. e4 d6 2. Nf3 Nf6 3. Nc3 Nbd7 4. d4 e5 5. dxe5 dxe5 6. a3 Be7 7. Bc4 c6 8. O-O Qc7 9. Be3 h6 10. Qe2 Nf8 11. g3 Bh3 12. Rfd1 Ng6 13. Qe1 h5 14. Bf1 Bxf1 15. Kxf1 h4 16. Qe2 hxg3 17. fxg3 Bd6 18. Rd3 b6 19. b4 Rd8 20. Rad1 Be7 21. Rxd8+ Bxd8 22. b5 O-O 23. bxc6 Qxc6 24. Nd5 Nxe4 25. Bxb6 Nxg3+ 26. hxg3 Bxb6 27. Nxb6 axb6 28. Nxe5 Nxe5 29. Qxe5 Qxc2 30. Rd6 Qc1+ 31. Kg2 Qxa3 32. Rxb6 Qa8+ 33. Kh3 Re8 34. Qf5 Qh1+ 35. Kg4 Re4+ 36. Kg5 Qh6+ 0-1

[Event "26th Klatovy B 2018"]
[Site "Klatovy CZE"]
[Date "2018.06.30"]
[Round "1.46"]
[White "Svec, Ludek"]
[Black "Malik, Zdenek"]
[Result "1-0"]
[WhiteElo "1618"]
[BlackElo "1607"]
[PlyCount "81"]
[EventDate "2018.06.30"]
[EventType "swiss"]
[EventRounds "9"]
[EventCountry "CZE"]

1. d4 Nf6 2. Nf3 d5 3. g3 c5 4. Bg2 Nc6 5. O-O Bg4 6. c4 cxd4 7. Qa4 Bxf3 8. Bxf3 e5 9. cxd5 Nxd5 10. Qb5 Nde7 11. Qxb7 Qc8 12. Qxc8+ Rxc8 13. Bd2 Nf5 14. Na3 Bxa3 15. bxa3 Nd6 16. Rfc1 e4 17. Bg2 f5 18. Rab1 O-O 19. Bf4 Nf7 20. Rb7 Nfd8 21. Rb5 Ne6 22. Bd2 d3 23. e3 Ne7 24. g4 Rxc1+ 25. Bxc1 Rc8 26. Rb1 Nd5 27. Bd2 Rc2 28. Rd1 g6 29. Kf1 Nc5 30. gxf5 gxf5 31. Bh3 Ne7 32. Bb4 Kf7 33. Bd2 Rxa2 34. Bb4 Rc2 35. Bd2 Nb3 36. Bb4 Nd5 37. Bxf5 Nxb4 38. axb4 d2 39. Bxe4 Rc1 40. Bd5+ Kf6 41. Bxb3 1-0

[Event "26th Klatovy B 2018"]
[Site "Klatovy CZE"]
[Date "2018.06.30"]
[Round "1.47"]
[White "Sykora, Vaclav"]
[Black "Svejdar, Pavel"]
[Result "1/2-1/2"]
[WhiteElo "1529"]
[BlackElo "1614"]
[PlyCount "34"]
[EventDate "2018.06.30"]
[EventType "swiss"]
[EventRounds "9"]
[EventCountry "CZE"]

1. c4 c5 2. Nc3 Nc6 3. Nf3 Nf6 4. e3 e6 5. Be2 Be7 6. O-O O-O 7. b3 d5 8. cxd5 Nxd5 9. Bb2 a6 10. d4 cxd4 11. Nxd4 Nxd4 12. Qxd4 Bf6 13. Qc4 b5 14. Qc5 Be7 15. Qd4 Bf6 16. Qc5 Be7 17. Qd4 Bf6 1/2-1/2

[Event "26th Klatovy B 2018"]
[Site "Klatovy CZE"]
[Date "2018.06.30"]
[Round "1.48"]
[White "Vasko, Pavel"]
[Black "Matejicek, Vojtech"]
[Result "0-1"]
[WhiteElo "1610"]
[BlackElo "1393"]
[PlyCount "50"]
[EventDate "2018.06.30"]
[EventType "swiss"]
[EventRounds "9"]
[EventCountry "CZE"]

1. e4 c5 2. Nf3 Nc6 3. d4 cxd4 4. Nxd4 e5 5. Nxc6 bxc6 6. Nc3 Nf6 7. Bd3 d5 8. exd5 cxd5 9. O-O Be7 10. h3 O-O 11. Ne2 Bb7 12. c3 Bc5 13. Bg5 Qd6 14. Rb1 a5 15. Bh4 Qc6 16. Kh1 d4 17. f3 e4 18. Bc4 Nd5 19. Bxd5 Qxd5 20. Nxd4 Qh5 21. Bg3 Bxd4 22. cxd4 exf3 23. gxf3 Qxh3+ 24. Bh2 Ra6 25. Rf2 Rf6 0-1

[Event "26th Klatovy B 2018"]
[Site "Klatovy CZE"]
[Date "2018.06.30"]
[Round "1.49"]
[White "Benes, Jachym"]
[Black "Zimovcak, Zdenek"]
[Result "1-0"]
[WhiteElo "1386"]
[BlackElo "1609"]
[PlyCount "55"]
[EventDate "2018.06.30"]
[EventType "swiss"]
[EventRounds "9"]
[EventCountry "CZE"]

1. e4 e5 2. f4 d6 3. Nf3 Nd7 4. Bc4 h6 5. O-O exf4 6. d4 g5 7. h4 Nb6 8. Bb3 Bg7 9. g3 Bh3 10. Rf2 fxg3 11. Bxf7+ Kf8 12. Rf1 Bxf1 13. Qxf1 gxh4 14. e5 dxe5 15. dxe5 Bxe5 16. Be3 Bf6 17. Bb3 Qe7 18. Bd4 Nd7 19. Nc3 Kg7 20. Nd5 Qd6 21. Qh3 Bxd4+ 22. Nxd4 Kf8 23. Qf5+ Ngf6 24. Ne6+ Kf7 25. Nexc7 Qc5+ 26. Kh1 Qf2 27. Nxf6+ Kg7 28. Nh5# 1-0

[Event "26th Klatovy B 2018"]
[Site "Klatovy CZE"]
[Date "2018.06.30"]
[Round "1.50"]
[White "Kirs, Pavel"]
[Black "Beran, Jakub"]
[Result "1/2-1/2"]
[WhiteElo "1579"]
[BlackElo "1349"]
[PlyCount "33"]
[EventDate "2018.06.30"]
[EventType "swiss"]
[EventRounds "9"]
[EventCountry "CZE"]

1. e4 e5 2. Nf3 Nc6 3. Bb5 Bc5 4. c3 d6 5. O-O Bd7 6. Re1 Nf6 7. h3 O-O 8. d3 h6 9. Be3 Bb6 10. Bxb6 axb6 11. d4 exd4 12. cxd4 Re8 13. Nc3 Ne7 14. Bd3 Nc6 15. a3 Na5 16. Rc1 Nc6 17. Bb1 1/2-1/2

[Event "26th Klatovy B 2018"]
[Site "Klatovy CZE"]
[Date "2018.06.30"]
[Round "1.51"]
[White "Skutil, Frantisek"]
[Black "Simunek, Jakub Simon"]
[Result "1/2-1/2"]
[WhiteElo "1336"]
[BlackElo "1578"]
[PlyCount "120"]
[EventDate "2018.06.30"]
[EventType "swiss"]
[EventRounds "9"]
[EventCountry "CZE"]

1. Nf3 Nf6 2. c4 d6 3. g3 g6 4. Bg2 Bg7 5. O-O O-O 6. d4 c5 7. Nc3 cxd4 8. Nxd4 a6 9. b4 Qc7 10. Qd3 Nc6 11. Nxc6 bxc6 12. Rb1 Bf5 13. e4 Be6 14. Bb2 Rfd8 15. Rfd1 d5 16. cxd5 cxd5 17. exd5 Bf5 18. Be4 Nxe4 19. Nxe4 Bxb2 20. Rxb2 Qe5 21. Re2 Bxe4 22. Rxe4 Qf6 23. Qe2 Rd7 24. Re1 Re8 25. Kg2 Rxd5 26. Rxe7 Rxe7 27. Qxe7 Qxe7 28. Rxe7 Rd2 29. a3 Rd3 30. Re3 Rd4 31. Re8+ Kg7 32. Ra8 Rd6 33. Ra7 h5 34. h4 Rf6 35. Rb7 Kg8 36. a4 Kg7 37. b5 axb5 38. Rxb5 Ra6 39. a5 Kg8 40. f3 Rc6 41. Rb8+ Kg7 42. Rb2 Ra6 43. Ra2 f5 44. Kh3 Kf6 45. g4 fxg4+ 46. fxg4 hxg4+ 47. Kxg4 Ke5 48. Kg5 Kd4 49. Rf2 Ke5 50. Rf3 Rc6 51. Rf7 Ra6 52. Rg7 Rxa5 53. Kxg6 Ra1 54. h5 Rh1 55. h6 Ke6 56. Kh7 Kf6 57. Rb7 Rh2 58. Rb6+ Kf7 59. Rg6 Rh1 60. Rg4 Kf6 1/2-1/2

[Event "26th Klatovy B 2018"]
[Site "Klatovy CZE"]
[Date "2018.06.30"]
[Round "1.52"]
[White "Mykiska, Vojtech"]
[Black "Kura, Filip"]
[Result "1-0"]
[WhiteElo "1576"]
[BlackElo "1267"]
[PlyCount "63"]
[EventDate "2018.06.30"]
[EventType "swiss"]
[EventRounds "9"]
[EventCountry "CZE"]

1. e4 e5 2. Nf3 Nc6 3. Bb5 a6 4. Ba4 Nf6 5. O-O Bc5 6. Nxe5 Nxe5 7. d4 Nc6 8. dxc5 O-O 9. Bg5 Qe7 10. Nc3 Qe5 11. Bxf6 Qxf6 12. Nd5 Qe5 13. Qd3 Rb8 14. b4 d6 15. Nxc7 Nxb4 16. Qc4 dxc5 17. Nd5 b5 18. Qxc5 Qxe4 19. Nxb4 bxa4 20. Nc6 Bb7 21. Ne7+ Kh8 22. f3 Qe6 23. Rab1 Rfe8 24. Rfe1 Qxa2 25. Rxb7 Rxb7 26. Ng6+ hxg6 27. Rxe8+ Kh7 28. Qc8 Qa1+ 29. Kf2 Qd4+ 30. Kg3 Qd6+ 31. Kh3 Kh6 32. Qxb7 1-0

[Event "26th Klatovy B 2018"]
[Site "Klatovy CZE"]
[Date "2018.06.30"]
[Round "1.53"]
[White "Dolezal, Martin 1998"]
[Black "Asatryan, Manvel"]
[Result "0-1"]
[WhiteElo "1247"]
[BlackElo "1574"]
[PlyCount "32"]
[EventDate "2018.06.30"]
[EventType "swiss"]
[EventRounds "9"]
[EventCountry "CZE"]

1. e4 d6 2. d4 Nf6 3. Nc3 c6 4. Bf4 Qa5 5. Qd2 e5 6. dxe5 dxe5 7. Bg5 Be7 8. O-O-O Be6 9. a3 Nbd7 10. Bxf6 Nxf6 11. Nh3 Bxa3 12. Qg5 Qxc3 13. Qxg7 Bxb2+ 14. Kb1 Ba2+ 15. Kxa2 Qa3+ 16. Kb1 Qa1# 0-1

[Event "26th Klatovy B 2018"]
[Site "Klatovy CZE"]
[Date "2018.06.30"]
[Round "1.54"]
[White "Pucholt, Martin"]
[Black "Svejdar, Petr"]
[Result "1-0"]
[WhiteElo "1570"]
[BlackElo "1163"]
[PlyCount "89"]
[EventDate "2018.06.30"]
[EventType "swiss"]
[EventRounds "9"]
[EventCountry "CZE"]

1. e4 e5 2. Nf3 Nc6 3. Bc4 Nf6 4. Ng5 d5 5. exd5 Nxd5 6. d4 Be6 7. dxe5 Nxe5 8. Nxe6 fxe6 9. Qh5+ Ng6 10. O-O Bd6 11. Bg5 Qd7 12. Bxd5 exd5 13. Re1+ Kf7 14. Qf3+ Kg8 15. Qxd5+ Kf8 16. Qxb7 Re8 17. Qf3+ Kg8 18. Rxe8+ Qxe8 19. Qd5+ Kf8 20. Nc3 Qd7 21. Qf3+ Kg8 22. Rd1 h6 23. Be3 Kh7 24. h3 Rf8 25. Qe4 Re8 26. Qd3 Re6 27. Bxa7 Qe8 28. Be3 Kh8 29. Qb5 Qe7 30. Nd5 Qd8 31. Qb3 Re8 32. c4 c6 33. Nc3 Qe7 34. Qc2 Nh4 35. Ne2 Qe6 36. c5 Bc7 37. b4 Qe5 38. Ng3 Rd8 39. Rxd8+ Bxd8 40. Qd2 Bg5 41. Qd4 Qd5 42. Qxd5 cxd5 43. Bxg5 hxg5 44. c6 Ng6 45. Nf5 1-0

[Event "26th Klatovy B 2018"]
[Site "Klatovy CZE"]
[Date "2018.06.30"]
[Round "1.55"]
[White "Cinkova, Vicky"]
[Black "Matejka, Jaromir"]
[Result "0-1"]
[WhiteElo "1133"]
[BlackElo "1570"]
[PlyCount "100"]
[EventDate "2018.06.30"]
[EventType "swiss"]
[EventRounds "9"]
[EventCountry "CZE"]

1. e4 e6 2. Nc3 c5 3. Nf3 Nc6 4. d4 cxd4 5. Nxd4 Be7 6. Be3 Nf6 7. Bd3 Qc7 8. Qd2 h6 9. g3 Ng4 10. Bf4 Nxd4 11. Qd1 Nxf2 12. Kxf2 e5 13. Be3 Bc5 14. Nd5 Qc6 15. Qh5 Qd6 16. Ke1 O-O 17. Rf1 f6 18. Bc4 Kh8 19. Kd2 b5 20. Bd3 Ne6 21. Rae1 Bxe3+ 22. Rxe3 Nc5 23. Ref3 Nxd3 24. cxd3 Bb7 25. Ne3 Bxe4 26. Nf5 Bxf5 27. Qxf5 Qb4+ 28. Kc1 Rac8+ 29. Kb1 d5 30. h4 e4 31. dxe4 Qxe4+ 32. Qxe4 dxe4 33. Re3 f5 34. a3 g6 35. g4 Rce8 36. h5 f4 37. Ree1 g5 38. Kc2 Rc8+ 39. Kd2 e3+ 40. Kd3 Rfd8+ 41. Ke4 Rc2 42. Kf5 a6 43. Ke6 Kg7 44. Ke7 Rdd2 45. Rxe3 Rc7+ 46. Ke8 fxe3 47. a4 e2 48. Re1 Rxb2 49. axb5 Rxb5 50. Rd1 Rb8+ 0-1

[Event "26th Klatovy B 2018"]
[Site "Klatovy CZE"]
[Date "2018.06.30"]
[Round "1.56"]
[White "Krisman, Ondrej"]
[Black "Bukvaj, Martin"]
[Result "1/2-1/2"]
[WhiteElo "1566"]
[BlackElo "1123"]
[PlyCount "120"]
[EventDate "2018.06.30"]
[EventType "swiss"]
[EventRounds "9"]
[EventCountry "CZE"]

1. e4 c5 2. Nf3 Nc6 3. d4 b6 4. Nc3 d6 5. Bb5 Bd7 6. d5 Ne5 7. Bxd7+ Qxd7 8. O-O Nf6 9. h3 g6 10. b3 Bg7 11. Nxe5 dxe5 12. Bb2 O-O 13. Qf3 Ne8 14. Ne2 Nd6 15. a4 f5 16. exf5 e4 17. Qg4 Bxb2 18. Rab1 Bg7 19. fxg6 Qxg4 20. gxh7+ Kxh7 21. hxg4 c4 22. f4 exf3 23. gxf3 Rh8 24. Nf4 Rac8 25. Rbe1 Bd4+ 26. Kg2 e5 27. Rh1+ Kg8 28. Rxh8+ Kxh8 29. Ng6+ Kg7 30. Nxe5 Bxe5 31. Rxe5 cxb3 32. cxb3 Rc3 33. Re6 Nf7 34. Re7 Rxb3 35. Rxa7 b5 36. axb5 Rxb5 37. Rd7 Kf6 38. Rc7 Rxd5 39. Rc3 Kg5 40. Kg3 Ne5 41. f4+ Kf6 42. fxe5+ Rxe5 43. Rf3+ Kg5 44. Rf8 Re3+ 45. Kf2 Re5 46. Rg8+ Kh4 47. Kf3 Re7 48. Kf4 Rf7+ 49. Ke5 Re7+ 50. Kf6 Rb7 51. g5 Rb6+ 52. Ke7 Rb7+ 53. Kd6 Kh5 54. Kc6 Rf7 55. Kd6 Ra7 56. Ke5 Ra5+ 57. Kf6 Ra6+ 58. Kg7 Rg6+ 59. Kh7 Rxg8 60. Kxg8 Kxg5 1/2-1/2

[Event "26th Klatovy B 2018"]
[Site "Klatovy CZE"]
[Date "2018.06.30"]
[Round "1.57"]
[White "Vesely, Jan"]
[Black "Merinsky, Vaclav"]
[Result "0-1"]
[WhiteElo "1112"]
[BlackElo "1565"]
[PlyCount "124"]
[EventDate "2018.06.30"]
[EventType "swiss"]
[EventRounds "9"]
[EventCountry "CZE"]

1. e4 e5 2. Nf3 Nc6 3. Nc3 Nf6 4. Bb5 d6 5. d3 a6 6. Bc4 b5 7. Bd5 Nxd5 8. Nxd5 Be6 9. Nc3 Be7 10. h3 O-O 11. Bd2 f6 12. Nd5 Re8 13. c4 bxc4 14. dxc4 Bf8 15. Bc3 f5 16. Qd3 Kh8 17. b3 Nd4 18. O-O fxe4 19. Qxe4 Bf5 20. Qe3 Nc2 21. Ng5 Nxe3 22. Nf7+ Kg8 23. Nxd8 Nxf1 24. Nxc7 Raxd8 25. Nxe8 Rxe8 26. Rxf1 Bd3 27. Rd1 e4 28. Bd4 a5 29. Rc1 Rc8 30. a4 Be7 31. Bb6 Bd8 32. Bxd8 Rxd8 33. Rc3 Rc8 34. f3 Kf7 35. Kf2 Re8 36. fxe4 Bxe4 37. Re3 Bb1 38. Rf3+ Ke7 39. Rg3 g6 40. Re3+ Kd7 41. Rf3 Ba2 42. Rd3 Kc6 43. g4 Rb8 44. Rd5 Bxb3 45. Rxa5 Bxc4 46. Ra7 Rb7 47. Ra5 Kb6 48. Ra8 Ra7 49. a5+ Rxa5 50. Rd8 d5 51. Rd6+ Kc5 52. Rd8 Kd4 53. Rb8 Kc3 54. Rf8 d4 55. Rf3+ d3 56. Kf1 Kc2 57. Rf2+ d2+ 58. Kg1 Kc1 59. Kh2 d1=Q 60. Rg2 Qd6+ 61. Kg1 Qf4 62. Rf2 Qg3+ 0-1